Curriculum Design and Programming in Physical Education (Record no. 190507)

MARC details
000 -LEADER
fixed length control field 00611nam a22001817a 4500
005 - DATE AND TIME OF LATEST TRANSACTION
control field 20220727105002.0
010 ## - LCCN (DPL NO)
LC control number ENG-134017
020 ## - INTERNATIONAL STANDARD BOOK NUMBER
International Standard Book Number 9788189983390
Terms of availability 600.00
035 ## - SYSTEM CONTROL NUMBER
System control number EN-117549
037 ## - SOURCE OF ACQUISITION
Source of stock number/acquisition DBAD/PUB
082 ## - DEWEY DECIMAL CLASSIFICATION NUMBER
Classification number 796
245 ## - TITLE STATEMENT
Title Curriculum Design and Programming in Physical Education
Statement of responsibility, etc edited by Rajnikant P.Patel and Vijay Singh Gurjar
260 ## - PUBLICATION, DISTRIBUTION, ETC. (IMPRINT)
Place of publication, distribution, etc New Delhi
Name of publisher, distributor, etc KSK Publishers & Distributors
Date of publication, distribution, etc 2011
270 ## - ADDRESS
Address 7/26,Basement,Ansari Road,Daryaganj,
City New Delhi
Postal code 110002
300 ## - PHYSICAL DESCRIPTION
Extent 256p.:
Other physical details ill.
Dimensions 22cm(Hb)
700 ## - ADDED ENTRY--PERSONAL NAME
Personal name Gurjar,Vijay Singh
942 ## - ADDED ENTRY ELEMENTS (KOHA)
Source of classification or shelving scheme Dewey Decimal Classification
Item type English Books
Classification part 796
Call number suffix CUR
Holdings
Withdrawn status Lost status Not for loan Collection code Home library Current library Date acquired Source of acquisition Cost, normal purchase price Full call number Barcode Copy number Cost, replacement price Koha item type
      Non-fiction Bawana Bawana 27/07/2022 DBAD/PUB 600.00 796 CUR EN-117549 1 600.00 English Books

© Delhi Public Library
Hit Counter
free hit counter